Diccionario enciclopédicodel Perú : (Record no. 6315)

000 -CABECERA
fixed length control field 00774nam a22002297a 4500
003 - IDENTIFICADOR DEL NÚMERO DE CONTROL
control field AR-CdUCM
008 - DATOS DE LONGITUD FIJA--INFORMACIÓN GENERAL
fixed length control field 190314b ||||| |||| 00| 0 spa d
040 ## - FUENTE DE LA CATALOGACIÓN
Agencia/entidad que catalogó originalmente la obra MUNICIPALIDAD PROVINCIAL DEL CUSCO
Entidad que transcribió la catalogación BIBLIOTECA MUNICIPAL DEL CUSCO
082 ## - NÚMERO DE LA CLASIFICACIÓN DECIMAL DEWEY
No. de Clasificación 030 /
Notacion interna T25
100 ## - ENTRADA PRINCIPAL--NOMBRE DE PERSONA
Nombre Personal Tauro, Alberto
245 ## - MENCIÓN DE TÍTULO
Título Diccionario enciclopédicodel Perú :
Resto del título ilustrado /
260 ## - PUBLICACIÓN, DISTRIBUCIÓN, ETC.
Lugar de publicación, distribución, etc. Lima :
Nombre de la editorial, distribuidor, etc. Mejia Baca,
Fecha de publicación, distribución, etc. 1975.
300 ## - DESCRIPCIÓN FÍSICA
Nº de Páginas Extensión 2 tomos ;
Otros detalles físicos ilustraciones ;
Dimensiones 23 cm.
505 ## - NOTA DE CONTENIDO CON FORMATO
Nota de contenido formateada Contenido: t.1 A-F -- t.2 G-P
650 ## - PUNTO DE ACCESO ADICIONAL DE MATERIA--TÉRMINO DE MATERIA
Descriptor Diccionario
9 (RLIN) 5196
650 ## - PUNTO DE ACCESO ADICIONAL DE MATERIA--TÉRMINO DE MATERIA
Descriptor Historia
9 (RLIN) 136
650 ## - PUNTO DE ACCESO ADICIONAL DE MATERIA--TÉRMINO DE MATERIA
Descriptor Perú
9 (RLIN) 35
700 ## - PUNTO DE ACCESO ADICIONAL--NOMBRE DE PERSONA
Nombre Personal Tauro, Alberto
9 (RLIN) 11692
942 ## - ELEMENTOS DE PUNTO DE ACCESO ADICIONAL (KOHA)
Fuente de clasificación
Tipo de item Libros-BMC
945 ## - PROCESAMIENTO DE INFORMACIÓN LOCAL (OCLC)
Catalogador zta
Holdings
Estado de retiro (separado) Fuente de clasificación o esquema de estanterías Estado dañado Ubicación Sala donde se ubica Nombre de la colección Fecha de adquisición o compra Costo, precio normal en soles Signatura topográfica Código de Barras Última vez visto (Koha) Tipo de ítem (Koha)
No     Sala Humanidades Sala Humanidades Book Cart 2019-03-14 50.00 030 / T25 SH0000006983 2019-03-14 Libros-BMC
No     Sala Humanidades Sala Humanidades Book Cart 2019-03-26 50.00 030 / T25 / t.2 SH0000009736 2019-03-26 Libros-BMC
No     Sala Humanidades Sala Humanidades Book Cart 2019-03-27 50.00 030 / T25 / t.1 SH0000009726 2019-03-27 Libros-BMC
No     Sala Humanidades Sala Humanidades Book Cart 2019-03-27 50.00 030 / T25 / t.3 SH0000009793 2019-03-27 Libros-BMC

Powered by Koha